00954 a2200241 45000010006000000050017000060080041000230030015000640400040000790800083001192450027002020200018002292640032002473000019002795050241002981000020005397000032005597000023005917000023006147000035006377000021006727000019006935902220260407155845.0260407a1989 arg spa dAR-UNSa-BCEJYS aAR-UNSa-BCEJYSbspacAR-UNSa-BCEJYS a338.45xIndustria como sector económico. Producción comercial, industrial 10aPromoción Industrial a950-9109-96-7 1aBuenos Aires :bTesisc1989 a209 p.c20 cm. a1. Promoción industrial – 2. Promoción industrial – 3. Promoción industrial- el caso argentino – 4. Un nuevo camino para promocionar la industria nacional – 5. Identificación de objetivos e instrumentos en la promoción1 aBruno, Norberto1 aNudelman Bass, Miguel Angel1 aMayol, Carlos F.M.1 aBlanco, Eduardo H.1 aCorbi de Cañellas, Ana Maria1 aAvalle, Néstor1 aMerino, Javier